Malays forget easily
| Main Author: | |
|---|---|
| Format: | Book |
| Published: |
Selangor :
Pelanduk Publication ,
2001
|
| Subjects: |
MARC
| LEADER | 00000cam a2200000 7i4500 | ||
|---|---|---|---|
| 001 | 0000014016 | ||
| 005 | 20080218.0 | ||
| 008 | 080218 | ||
| 020 | |a 9679787869 | ||
| 090 | 0 | 0 | |a 305.89923 |b MAH |
| 100 | 0 | |a Mahathir Mohamad, Dato' Seri | |
| 245 | 1 | 0 | |a Malays forget easily |c Dato' Seri Mahathir Mohamad |
| 260 | |a Selangor : |b Pelanduk Publication , |c 2001 | ||
| 650 | 0 | |a Malays (Asian people) |x Malaysia |x History | |
| 650 | 0 | |a Speeches, addresses, etc | |
| 999 | |a 0001011974 |b Book |c Adult Collection |e Perbadanan Perpustakaan Awam Johor | ||